00966nam a2200253 a 450000100100000000500170001000800410002702000150006804100090008308200240009210000290011624502050014525000120035026000480036230000110041050000400042150000680046165000180052965000350054765000370058265000380061970000250065770000300068200005468420200120222909.0050413s2002 ck a gr 000 0 spa d a95895783570 a*spa aR 598.0723bU742211 aUribe Hurtado, Cristina,14aLos colores del aire :baves del trópico americano /cCristina Uribe Hurtado ; textos de Vicente Uribe Uribe ; complementados por Oscar Laverde Rodríguez ; fotografías de Cristina Uribe Hurtado. a1a. ed. aBogotá :bCristina Uribe editores,c2002. a244 p. aIncluye bibliografía e índices. aEj.1 de Mosquera donado por la Biblioteca Nacional - PNLB 2012.14aOrnitología24aAveszAméricavFotografías24aAvesvClasificaciónzAmérica24aAvesbDistribución geográfica1 aUribe Uribe, Vicente1 aLaverde Rodríguez Oscar